Jak vyčistit a zrychlit Windows XP

Enregistré dans:
Détails bibliographiques
Auteurs principaux: Ballew, Joli (Auteur), Duntemann, Jeff (Auteur)
Format: Livre
Langue:tchèque
Publié: Brno : CP Books, 2005
Sujets:
Tags: Ajouter un tag
Pas de tags, Soyez le premier à ajouter un tag!

MARC

LEADER 00000nam a22000003a 4500
001 stu114900
005 20150617225848.5
008 060321s2005----xr------------------cze-d
020 |a 80-251-0628-4 
040 |a STU  |b slo 
041 0 |a cze 
044 |a xr 
080 |a 004.45 Windows 
084 |a C6150J  |2 INS 
084 |a C6150  |2 INS 
084 |a C5620  |2 INS 
100 1 |a Ballew, Joli  |4 aut 
245 1 |a Jak vyčistit a zrychlit Windows XP 
260 |a Brno :  |b CP Books,  |c 2005 
300 |a 288 s 
650 7 |a Windows  |2 stusub 
650 7 |a operačné systémy  |2 stusub 
650 7 |a programové systémy  |2 stusub 
650 7 |a počítačové siete  |2 stusub 
700 1 |a Duntemann, Jeff  |4 aut 
996 |b 284EK86248  |c E*86248  |l EE01  |s A  |a 24  |w stu114900_0001